000 00890nam a2200289 i 4500
001 16319
003 DO-SdUEMH
005 20260129215131.0
007 ta
008 211105s2001||||dr a|||gr|||| 0|| |dspa d
040 _aDO-SdUEMH
_bspa
_erda
041 _aspa
082 1 4 _aRD347.72 R788R 2001
_mRD
_bR788
084 _b08-00143
100 1 _aROSA, JUAN DE LA
_eaut
245 _aEl Recurso de Amparo:
_bestudio comparativo su aplicación en la república dominicana /
_cJuan de la Rosa
260 _c2001
264 1 _aSanto Domingo, República Dominicana :
_bSerrallés,
_c2001
264 4 _c©2001
300 _a274 páginas :
_bilustraciones ;
_c21 cm.
336 _2rdacontent
_atexto
_btxt
337 _2rdamedia
_asin mediación
_bn
338 _2rdacarrier
_avolumen
_bnc
505 2 _aParte preliminar -- Parte General -- parte especial.
942 _2ddc
_cBK
_n0
999 _c16319
_d16319